Η μετάβαση του παιδιού από το νηπιαγωγείο στο δημοτικό σχολείο : θεωρία και πράξη ; διπλωματική εργασία [πτυχιακή εργασία]

Saved in:
Bibliographic Details
Main Author: Λαός, Δημήτριος Α.
Corporate Author: Πανεπιστήμιο Αιγαίου Σχολή Ανθρωπιστικών Επιστημών Τμήμα Επιστημών της Προσχολικής Αγωγής και του Εκπαιδευτικού Σχεδιασμού
Format: Thesis Book
Language:Greek
Published: 2017.
Subjects:
Online Access:http://hdl.handle.net/11610/23029
Tags: Add Tag
No Tags, Be the first to tag this record!

MARC

LEADER 00000cam a2200000 a 4500
001 1/114560
008 170728s2017####gr | ||| |||| ||gre||
040 |a GR-MyUa  |b gre  |c GR-MyUa  |e AACR2 
041 0 |a gre 
082 7 |a 370.158   |2 (23) 
100 1 |a Λαός, Δημήτριος Α. 
245 1 2 |a Η μετάβαση του παιδιού από το νηπιαγωγείο στο δημοτικό σχολείο :   |b θεωρία και πράξη ; διπλωματική εργασία [πτυχιακή εργασία] /   |c Λαός Δημήτριος Α. ; επιβλέπων καθηγητής: Κοντάκος Αναστάσιος.  
260 |c 2017.  
300 |a 163 σ. :   |b πίν. ;   |c 30 εκ.  
500 |a Υπάρχει ψηφιακό αντίγραφο.  
500 |a Μέλη εξεταστικής επιτροπής: Καλαβάσης Φραγκίσκος, Νικολάου Ελένη.  
502 |a Πτυχιακή εργασία – Πανεπιστήμιο Αιγαίου, Ρόδος, 2017. 
504 |a Βιβλιογραφία: σ. 152-156.  
506 0 |a Πλήρες κείμενο - Ελεύθερη δημοσίευση.  
650 0 |a Student adjustment. 
650 0 |a Adaptability (Psychology) 
650 0 |a Kindergarten. 
650 0 |a School psychology. 
650 0 |a Education, Primary. 
700 1 |a Κοντάκος, Αναστάσιος,  |e dgs 
710 2 |a Πανεπιστήμιο Αιγαίου  |b Σχολή Ανθρωπιστικών Επιστημών  |b Τμήμα Επιστημών της Προσχολικής Αγωγής και του Εκπαιδευτικού Σχεδιασμού. 
852 |a INST  |b RHODES  |c DIATR  |e 20170728  |h 370.158 ΛΑΟ  |p 005400039457  |q 005400039457  |t DIE  |y 23 
856 |u http://hdl.handle.net/11610/23029 
924 |a Λαός   |b Δημήτριος Α.   |y Ρόδος  |z 2017-06  
970 |z 28-07-2017